Capital Cites of DPR Korea (North Korea) Since 1948 - Statistics

General Stats
  • This quiz has been taken 10 times
  • The average score is 3 of 7
Answer Stats
From To Capital City % Correct
1948.9 1950.10 Pyongyang
100%
1953.8 now Pyongyang
100%
1950.12 1951.1 Sinuiju
33%
1950.10 1950.12 Kanggye
22%
1951.1 1953.8 Kanggye
22%
1950.12 1950.12 Huichon
11%
1950.12 1950.12 Kaechon
11%
No matching quizzes found
Score Distribution
Percent of People with Each Score
Percentile by Number Answered
Your Score History
You have not taken this quiz